La France sans petrole
Gespeichert in:
| 1. Verfasser: | |
|---|---|
| Format: | Buch |
| Sprache: | Undetermined |
| Veröffentlicht: |
France
Calmann-Levy
1979
|
| Tags: |
Tag hinzufügen
Keine Tags, Fügen Sie den ersten Tag hinzu!
|
| Thư viện lưu trữ: | Trung tâm Học liệu Trường Đại học Cần Thơ |
|---|
| LEADER | 00325nam a2200121Ia 4500 | ||
|---|---|---|---|
| 001 | CTU_85833 | ||
| 008 | 210402s9999 xx 000 0 und d | ||
| 100 | |a Alfred Sauvy | ||
| 245 | 0 | |a La France sans petrole | |
| 260 | |a France | ||
| 260 | |b Calmann-Levy | ||
| 260 | |c 1979 | ||
| 980 | |a Trung tâm Học liệu Trường Đại học Cần Thơ | ||